| 000 | 01804cam a22003135a 4500 | ||
|---|---|---|---|
| 001 | ocm49907088 | ||
| 003 | OSt | ||
| 005 | 20180207133437.0 | ||
| 008 | 020409t2003 maua frb 001 0 eng d | ||
| 020 | _a0071232044 | ||
| 020 | _a9780071232043 | ||
| 040 |
_aDLC _cDLC _dUKM _dNOR _dOCLCQ _dIUL _dEG-ScBUE _beng |
||
| 082 | 0 | 4 |
_222 _a338.5 _bFRA |
| 100 | 1 | _aFrank, Robert H. | |
| 245 | 1 | 0 |
_aMicroeconomics and behavior / _cRobert H. Frank. |
| 250 | _a5th ed., International ed. | ||
| 260 |
_aBoston : _bMcGraw-Hill/Irwin, _cc.2003. |
||
| 300 |
_axxiv, 696 p. : _bill. ; _c26 cm. |
||
| 504 | _aIncludes bibliographical references and index. | ||
| 505 | 0 | 0 |
_gch. 1. _tThinking like an economist -- _gch. 2. _tSupply and demand -- _gch. 3. _tRational consumer choice -- _gch. 4. _tIndividual and market demand -- _gch. 5. _tApplications of rational choice and demand theories -- _gch. 6. The _teconomics of information and choice under uncertainty -- _gch. 7. _tExplaining tastes : the importance of altruism and other nonegoistic behavior -- _gch. 8. _tCognitive limitations and consumer behavior -- _gch. 9. _tProduction -- _gch. 10. _tCosts -- _gch. 11. _tPerfect competition -- _gch. 12. _tMonopoly -- _gch. 13. _t Imperfect competition : a game-theoretic approach -- _gch. 14. _tLabor -- _gch. 15. _tCapital -- _gch. 16. _tGeneral equilibrium and market efficiency -- _gch. 17. _tExternalities, property rights, and the Coase theorem -- _gch. 18. _tGovernment. |
| 650 | 7 |
_aMicroeconomics. _2BUEsh _95599 |
|
| 650 | 7 |
_aEconomic man. _2BUEsh _93239 |
|
| 650 | 7 |
_aSelf-interest. _2BUEsh |
|
| 650 | 7 |
_aConsumer behavior. _2BUEsh _912283 |
|
| 650 | 7 |
_aMicroeconomics _vExaminations, questions, etc. _2BUEsh _93242 |
|
| 650 | 7 |
_aEconomic man _vExaminations, questions, etc. _2BUEsh _93243 |
|
| 653 |
_bBUSADM _bGGEN _cFebruary2018 |
||
| 942 | _2ddc | ||
| 999 |
_c26126 _d26098 |
||